00000000cam 2200000zi 4500
0019.948327
003CaOODSP
00520260626120412
006m     o  d f      
007cr mn|||||||||
008250224t20252025onca    o    f000 0 eng d
020 |a9780660759357
040 |aCaOODSP|beng|erda|cCaOODSP
043 |an-cn---
0861 |aT22-261/1-2025E-PDF
24500|aCanada, together in advancing safe, secure, sustainable, and accessible global civil aviation : |bcandidate for re-election to the ICAO Council in 2025 – part I.
264 1|a[Ottawa] : |bGovernment of Canada = Gouvernement du Canada, |c[2025]
264 4|c©2025
300 |a1 online resource (4 unnumbered pages) : |billustrations
336 |atext|btxt|2rdacontent
337 |acomputer|bc|2rdamedia
338 |aonline resource|bcr|2rdacarrier
500 |aCover title.
500 |aIssued by: Transport Canada.
500 |aThe publication file in PDF format was replaced on 26-06-2026 as requested by Transport Canada.
500 |aIssued also in French under title: Canada, ensemble, pour une aviation civile mondiale sécuritaire, sûre, durable et accessible : candidat à la réélection au Conseil de l’OACI en 2025 (1re partie).
520 |a"NAV CANADA is the largest single air navigation service provider in the world. It manages 18 million square kilometres of Canadian and oceanic airspace. 5.5 million flights from around the world pass through this airspace every year"--An aviation nation, page [2].
61020|aInternational Civil Aviation Organization.
650 0|aAeronautics, Commercial|zCanada.
650 0|aAeronautics, Commercial|xInternational cooperation.
7101 |aCanada. |bTransport Canada, |eissuing body.
77508|tCanada, ensemble, pour une aviation civile mondiale sécuritaire, sûre, durable et accessible : |w(CaOODSP)9.948330
85640|qPDF|s846 KB|uhttps://publications.gc.ca/collections/collection_2025/tc/T22-261-1-2025-eng.pdf
986 |aTP 15629E